000 00552nam a2200181 i 4500
001 33818
003 ES-MaACL
005 20230906154828.0
007 t|
008 030203s1918 fr ||||1| fre d
100 1 _aBlanchet, Eugene-Louis.
_929157
245 1 0 _aEn represailles /
_cEugene-Louis Blanchet.
260 _aParis :
_b[s.n.],
_c1918 (
_fImp. ReuniƩs)
300 _a204 p. ;
_c19 cm.
650 0 4 _aGuerra mundial, 1914-1918-
_vRelatos personales.
_913227
650 4 _aPrisioneros de guerra franceses.
_9154516
852 _aES-MaACL
_jF-10752
999 _c33818
_d33818